| 000 | 00446nam a22001337a 4500 | ||
|---|---|---|---|
| 008 | 150116b xxu||||| |||| 00| 0 eng d | ||
| 050 | _aSPC DT 442 | ||
| 100 |
_aTanzania. Ministry of Community Development _914157 |
||
| 245 | _aAnnual report of the Antiquities Department for the year 1966 | ||
| 260 |
_aDar es Salaam _bUnited Republic of Tanzania _c1968 |
||
| 300 |
_a22p. _c25cm. |
||
| 650 |
_aTanzania _xAntiquities _914158 |
||
| 942 |
_2lcc _cSPC |
||
| 999 |
_c121742 _d121742 |
||